000
00212 a2200097 4500
001
4110
100
_a
Schaum,D
245
_a
Theory problems of college physics
260
_a
_b
Schaum pub
_c
090
_c
3327
_d
3327
942
_a
NUST-CAE
_c
M
_c
25858
999
_c
239183
_d
239183